000 00627nam a2200205 a 4500
003 BD-DhJNU
005 20250921051533.0
008 250501s1974 ii a b 001 0 eng
020 _a0805235973
040 _aBD-DhJNU
_bENG
_cBD-DhJNU
_dBD-DhJNU
082 0 0 _a302.2345 WIT
_223
100 1 _aWilliams, Raymond
245 1 0 _aTelevision :
_btechnology and cultural form /
_cRaymond Williams
260 _aNew York :
_bSchocken Books,
_c1974.
300 _a160 p. :
_bill. ;
_c21 cm.
504 _aIncludes bibliographical references and index.
650 0 _aTelevision and culture
650 0 _aMass media studies
942 _cBK
999 _c2142
_d2142